000 00960nam a22001935i 4500
001 158285
003 ES-MaACL
005 20230906211104.0
008 960320s1864 fr a |||| | fre d
040 _aCLM
_bspa
_cCCPB | SIC
100 1 _aLyell, Charles
_cBaron de.
_9222935
245 1 2 _aL'ancienneté de l'homme prouvée par la géologie et remarques sur les théories relatives à l'origine des espèces par variation /
_cpar Sir Charles Lyell... ; traduit avec le consentement et le concours de l'auteur par M.M. Chaper.
260 _aParis :
_bJ.B. Baillière et fils ;
_aMadrid, Leizpig :
_bE. Jung-Treuttel,
_c1864.
300 _a560 p. :
_bil. ;
_c21 cm.
700 1 _aChaper, M.,
_etrad.
_9126451
852 _aES-MaACL
_jG-9793
_z-- Enc. hol.
_x-- Edic.: El tit. comienza: "L'ancienneté de l'homme ..." -- La paginación es: XVI, 560 p., [2] h. de lám. -- El imp. es: Imp. Simon Raçon et comp.
999 _c158285
_d158285